000 00492nam a2200217Ia 4500
003 OSt
005 20221005121621.0
006 a|||||r|||| 00| 0
007 ta
008 221004b |||||||| |||| 00| 0 eng d
024 _a119371
037 _cTextual
040 _aCRL
_cCRL
_beng
041 _2eng
_aeng
100 _aStarr
_9630861
245 0 _aHistory of the ancient world
260 _c1965
650 _aHISTORY
942 _cTEXL
_2cc
999 _c1041736
_d1041736